000 00828nam a22002532a 4500
001 26500
003 BD-RJUL
005 20211209051027.0
008 140322r1942 N 000 0 eng d
035 _aOCLC ocm11852908 from D951115M
040 _aDLC
_cCSO
_dCSO
_dEQO
_beng
041 _aeng
082 _a890.82
_bWIS 1942
100 1 _aLin, Yutang,
_d1895-1976.
_977251
245 1 4 _aThe wisdom of India /
_cYutangLin
260 _aNew york :
_brandom house,
_c1942
300 _a564 p. ;
_c24 cm
500 _aAt head of title: Edited by Lin Yutang
500 _aPreviously published as the first part of The wisdom of China and India
650 0 _aIndic literature
_xTranslations into English
_981507
650 0 _aEnglish literature
_xTranslations from Indic
_981508
942 _2ddc
_cBK
999 _c26500
_d26500